000 00886nam a22002055i 4500
001 167044
003 ES-MaACL
005 20250809062541.0
008 050923s1834 be | |||||||| ||fre d
040 _aCAM
_bspa
_cCAM
100 1 _aVazeille, François Antoine.
_9133578
245 1 0 _aTraité des prescriptions /
_cpar M. Vazeille.
250 _aEd. augm. et mise en rapport, par notes, avec la législation et la jurisprudence de Belgique.
260 _aBruxelles :
_bLibrairie de Jurisprudence de H. Tarlier,
_c1834 (
_fImprimerie de Ode et Wodon)
300 _aIII, 392 p. ;
_c23 cm.
650 7 _aDerecho
_2embne
_911602
752 _aBélgica -
_dBruselas
852 _aES-MaACL
_jF-7991
_z-- Enc. hol. conservando la cub. original
_z-- En la cub. original consta el pie de imp.: Bruxelles : Société Typographique Belge, Ad. Wahlen et Cie; 1837
999 _c167044
_d167044